000 00432nam a2200169 a 4500
001 0000-8621
003 ELIB.Books
008 110520 1962
035 _a(ELIB.Books)0000-8767
082 _a252.05
_bRob
100 _aRobshaw, Charles P.
245 _aThe Wisdom that does not Change
260 _bNew York: Abingdon Press
_c1962
650 _aPreaching
942 _2ddc
_cBK
998 _cbat
_e2011-05-20
999 _c8621
_d8621